• 首页
  • 本馆介绍
  • 公告通知
  • 最新文献
  • 馆藏检索
  • 电子资源
  • 读者导购
  • 参考咨询
  • 我的图书馆
  • 登录
  • 详细信息显示
  • 放入我的书架
  • 预约/预借图书
  • 作者相关作品
  • 分类相关作品
  • 丛书相关作品
  • 出版社相关作品

书目信息

  • 表格格式
  • 工作单格式
  • 卡片格式
题名:
培根论说文集
    
 
作者: 培根 著 ;高健 译
分册:  
出版信息: 太原   北岳文艺出版社  2016
页数: 293页
开本: 21cm
丛书名: 天星文库
单 册:
中图分类: B561.21
科图分类:
主题词:
电子资源:
ISBN: 978-7-5378-4876-3
000 01066nam0 22002891 450
001 0120082249
005 20170320082249.0
010    @a978-7-5378-4876-3@dCNY32.80
100    @a20161202d2016 em y0chiy50 ea
101 1  @achi@ceng
102    @aCN@b140000
105    @ay z 000yy
106    @ar
200 1  @a培根论说文集@9pei gen lun shuo wen ji@dThe essays of francis bacon@f(英)弗朗西斯·培根著@g高健译@zeng
210    @a太原@c北岳文艺出版社@d2016
215    @a293页@d21cm
225 2  @a天星文库@9tian xing wen ku@i短经典
330    @a本书收录了《说真理》《说死亡》《说宗教统一》《说复仇》《说父母子女》《说婚姻与独身》《说爱》《说高位》《说善良与善良性情》《说贵族》《说无神论》等作品。
461  0 @12001 @a天星文库
500 10 @a培根论说文集
510 1  @aEssays of francis bacon@zeng
600  0 @a培根@Apei gen@c(Bacon, Francis@f1561-1626)@j文集
690    @aB561.21@v5
701  0 @c(英)@a培根@9pei gen@c(Bacon, Francis@f1561~1626)@4著
702  0 @a高健@9gao jian@4译
801  0 @aCN@bTANGWEI@c20170308
905    @b0957462-4@dB561.21@e50@f3
    
    培根论说文集=The essays of francis bacon/(英)弗朗西斯·培根著/高健译.-太原:北岳文艺出版社,2016
    293页;21cm.-(天星文库.短经典)
    
    
    ISBN 978-7-5378-4876-3:CNY32.80
    本书收录了《说真理》《说死亡》《说宗教统一》《说复仇》《说父母子女》《说婚姻与独身》《说爱》《说高位》《说善良与善良性情》《说贵族》《说无神论》等作品。
●
相关链接 在E读中查询图书 在五车中查询图书 在当当中查询图书 在豆瓣中查询图书


正题名:培根论说文集     索取号:B561.21/50         预约/预借

序号 登录号 条形码 馆藏地/架位号 状态 备注
1 0957462   209574628   第一样本阅览室/ [索取号:B561.21/50] 在馆    
2 0957463   209574637   第一借阅区/ [索取号:B561.21/50] 在馆    
3 0957464   209574646   第一借阅区/ [索取号:B561.21/50] 在馆    
唐山师范学院图书馆 欢迎您!
大连网信软件有限公司© 版权所有